LEADER 01238nam2 22003133i 450 001 LO10521546 005 20231121125521.0 100 $a20181108d1989 ||||0itac50 ba 101 | $aita$alat 102 $ait 181 1$6z01$ai $bxxxe 182 1$6z01$an 200 1 $aLibri 3.-6.$fQ. Curzio Rufo 210 $aBologna$cZanichelli$dstampa 1989 215 $aXIX, 379 p.$d20 cm 300 $aTrad. italiana a fronte. 461 1$1001RAV0093388$12001 $aStoria di Alessandro Magno re di Macedonia$fQ. Curzio Rufo$gtesto latino, introduzione, versione e note di Giuseppe Baraldi 700 1$aCurtius Rufus$b, Quintus$3RAVV040588$4070$0168773 790 1$aCurzio Rufo$b, Q.$3CFIV183960$zCurtius Rufus, Quintus 790 1$aCurzio Rufo$b, Quinto$3RAVV040589$zCurtius Rufus, Quintus 790 1$aCurce$b, Quinte$3RAVV062818$zCurtius Rufus, Quintus 801 3$aIT$bIT-01$c20181108 850 $aIT-FR0017 899 $aBiblioteca umanistica Giorgio Aprea$bFR0017 $eN 912 $aLO10521546 950 2$aBiblioteca umanistica Giorgio Aprea$d 52MAG 1 COLL C 28$e 52MAG0000212575 VMB RS $fA $h20181018$i20181018 977 $a 52 996 $aLibri 3.-6$91713219 997 $aUNICAS